| 000 | 00426 a2200133 4500 | ||
|---|---|---|---|
| 082 | _a297.1241 | ||
| 090 |
_c3312 _d3312 |
||
| 100 | _aRizvi, Allama Ghulam Rasool. | ||
| 245 |
_aTafhim-ul-Bukhari: Sharah Sahis-ul-Bukhari _cAllama Ghulam Rasool Rizvi. _h[Urdu] |
||
| 260 |
_aFaisalabad : _bJamia Sirajia Rasoolia Rizvia. |
||
| 300 |
_av. 3 ; various paging. ; _c25 cm. |
||
| 650 | _aHadith (Collection). | ||
| 942 |
_cBK _k297.1241 BUK |
||
| 999 |
_c7225 _d7225 |
||